Metallurgical equipment and laboratory techniques
Uloženo v:
| Hlavní autor: | |
|---|---|
| Médium: | Kniha |
| Jazyk: | angličtina |
| Vydáno: |
Cleveland
American Society for Metals
1957
|
| Témata: | |
| Tagy: |
Přidat tag
Žádné tagy, Buďte první, kdo vytvoří štítek k tomuto záznamu!
|
MARC
| LEADER | 00000nam a2200000 a 4500 | ||
|---|---|---|---|
| 001 | UCT4356 | ||
| 003 | CL-VaPUC | ||
| 008 | 961112e19570000US |||||||||||||||||eng|d | ||
| 082 | 0 | 4 | |a 669 |b ZUS |2 21 |
| 100 | 0 | |a Zuspan, G. William |e author |9 373640 | |
| 245 | 1 | 0 | |a Metallurgical equipment and laboratory techniques |
| 300 | |a 2 v | ||
| 942 | |c BK | ||
| 945 | |d 19961112 00:00:00 |a cmena | ||
| 260 | |a Cleveland |b American Society for Metals |c 1957 | ||
| 500 | |a v.2: Basic metallurgy | ||
| 650 | 7 | |a TECNOLOGIA METALURGICA |2 CL-VaPUC |9 342977 | |
| 650 | 0 | |a Industria metalúrgica |9 364008 | |
| 650 | 7 | |a QUIMICA METALURGICA |2 CL-VaPUC |9 361125 | |
| 650 | 7 | |a CORROSION |2 CL-VaPUC |9 271912 | |
| 650 | 7 | |a INSTRUMENTOS DE MEDIDA |2 CL-VaPUC |9 262517 | |
| 650 | 0 | |a Propiedades mecánicas |9 262507 | |
| 583 | |a last modification |c 19961112 00:00:00 |k Rodrigo Vera | ||
| 999 | |c 253750 |d 253748 | ||
| 952 | |0 0 |1 0 |4 0 |6 669_000000000000000_ZUS_1957 |7 0 |8 A |9 274813 |a BIBCUR |b BIBCUR |d 2019-11-19 |h v.2 |i 1785699 |o 669 ZUS 1957 |p 1785699 |r 2025-04-22 |w 2019-11-19 |y BK |k QUI | ||